000 00422nam a2200169 a 4500
001 0000-9356
003 ELIB.Books
008 110520 1967
035 _a(ELIB.Books)0000-9508
082 _a226.5
_bBai
100 _aBailey, Carl
245 _aWho Is He?
260 _bMinnesota: The American Lutheran Church
_c1967
650 _aNew Testament
942 _2ddc
_cBK
998 _cbat
_e2011-05-20
999 _c9356
_d9356